|
|
|
|
| LEADER |
01863nam a2200481 i 4500 |
| 001 |
nkc20193080959 |
| 003 |
CZ PrNK |
| 005 |
20190429131539.0 |
| 007 |
ta |
| 008 |
190410s2019 xr e p 000 0 cze |
| 015 |
|
|
|a cnb003080959
|
| 020 |
|
|
|a 978-80-213-2933-1
|q (brožováno) :
|c Kč 94,00
|
| 035 |
|
|
|a (OCoLC)1100766334
|
| 040 |
|
|
|a OLA001
|b cze
|d ABA001
|e rda
|
| 043 |
|
|
|a e-xr---
|
| 072 |
|
7 |
|a 657
|x Účetnictví
|2 Konspekt
|9 4
|
| 072 |
|
7 |
|a 37.016
|x Učební osnovy. Vyučovací předměty. Učebnice
|2 Konspekt
|9 22
|
| 080 |
|
|
|a 657.375
|2 MRF
|
| 080 |
|
|
|a (437.3)
|2 MRF
|
| 080 |
|
|
|a (075.8)
|2 MRF
|
| 100 |
1 |
|
|a Kynclová, Daniela
|7 jx20051122017
|4 aut
|
| 245 |
1 |
0 |
|a Účetní závěrka /
|c Daniela Kynclová, Enikö Lörinczová
|
| 250 |
|
|
|a Vydání první
|
| 264 |
|
1 |
|a V Praze :
|b Česká zemědělská univerzita,
|c 2019
|
| 300 |
|
|
|a 100 stran ;
|c 29 cm
|
| 336 |
|
|
|a text
|b txt
|2 rdacontent
|
| 337 |
|
|
|a bez média
|b n
|2 rdamedia
|
| 338 |
|
|
|a svazek
|b nc
|2 rdacarrier
|
| 500 |
|
|
|a "Skripta jsou zpracována dle právního stavu k 1.1.2019"--Předmluva
|
| 500 |
|
|
|a Pod názvem: Česká zemědělská univerzita v Praze, Provozně ekonomická fakulta, katedra obchodu a financí
|
| 500 |
|
|
|a 200 výtisků
|
| 521 |
8 |
|
|a Určeno pro posluchače oboru PaA
|
| 650 |
0 |
7 |
|a účetní závěrka
|7 ph939275
|z Česko
|2 czenas
|
| 650 |
0 |
9 |
|a financial statements
|z Czechia
|2 eczenas
|
| 655 |
|
7 |
|a učebnice vysokých škol
|7 fd133772
|2 czenas
|
| 655 |
|
9 |
|a textbooks (higher)
|2 eczenas
|
| 700 |
1 |
|
|a Lőrinczová, Enikő
|7 ola2003188555
|4 aut
|
| 710 |
2 |
|
|a Česká zemědělská univerzita v Praze.
|b Katedra obchodu a financí
|7 kn20020321631
|4 isb
|
| 910 |
2 |
|
|a BOA001
|b 4-1424.992
|
| 990 |
|
|
|a BK
|
| 995 |
|
|
|a 01
|
| 991 |
|
|
|b 201904
|c NOV
|
| 996 |
6 |
|
|b 2610778970
|c 4-1424.992
|l MZK
|r Sklad / do 1 hodiny
|n 5
|p p.v.
|w 001718052
|u 000010
|a 1
|e BOA001
|j MZK50
|s P
|